Health/medicine and the faith traditions : (Record no. 8396)
[ view plain ]
| 000 -LEADER | |
|---|---|
| fixed length control field | 01894nam a2200229 a 4500 |
| 003 - CONTROL NUMBER IDENTIFIER | |
| control field | PILC |
| 005 - DATE AND TIME OF LATEST TRANSACTION | |
| control field | 20250626131718.0 |
| 008 - FIXED-LENGTH DATA ELEMENTS--GENERAL INFORMATION | |
| fixed length control field | 051107s1982 xx 00 eng d |
| 010 ## - LIBRARY OF CONGRESS CONTROL NUMBER | |
| LC control number | Acc#21430 |
| 020 ## - INTERNATIONAL STANDARD BOOK NUMBER | |
| International Standard Book Number | 0800616367 |
| 040 ## - CATALOGING SOURCE | |
| Transcribing agency | Philippine Baptist Theological Seminary |
| 050 ## - LIBRARY OF CONGRESS CALL NUMBER | |
| Classification number | BT 732 |
| Item number | H349 1982 |
| 245 10 - TITLE STATEMENT | |
| Title | Health/medicine and the faith traditions : |
| Remainder of title | an inquiry into religion and medicine / |
| Statement of responsibility, etc. | edited by Martin E. Marty and Kenneth L. Vaux. |
| 264 ## - PRODUCTION, PUBLICATION, DISTRIBUTION, MANUFACTURE, AND COPYRIGHT NOTICE | |
| Place of production, publication, distribution, manufacture | Philadelphia, PA : |
| Name of producer, publisher, distributor, manufacturer | Fortress Press, |
| Date of production, publication, distribution, manufacture, or copyright notice | ©1982. |
| 300 ## - PHYSICAL DESCRIPTION | |
| Extent | xii, 350 p. ; 23 cm. |
| 500 ## - GENERAL NOTE | |
| General note | Includes bibliographical references |
| 505 ## - FORMATTED CONTENTS NOTE | |
| Formatted contents note | Foreword --<br/>Introduction --<br/><br/>Part one: the sociocultural context --<br/>1. Tradition and the traditions in health/medicine and religion --<br/>2. The intertwining of religion and health/medicine in culture: a view through the disciplines --<br/><br/>Part two: the historical setting --<br/>3. Medicine and religion: Pre-Christian antiquity --<br/>4. Medicine and religion: early Christianity through the middle ages --<br/>5. Medicine and Christianity in the modern world --<br/><br/>Part three: A philosophical perspective --<br/>6. Understanding faith traditions in the context of health care: philosophy as a guide for the perplexed --<br/><br/>Part four: theological perspectives --<br/>7. Topics at the interface of medicine and theology --<br/>8. Theological foundations of medical ethics --<br/><br/>Part five: medical perspective s--<br/>9. Preventive medicine and religion: opportunities and obstacles --<br/>10. Religion and medicine: the physician's perspective --<br/><br/><br/>Part six: Pastoral perspectives --<br/>11. Religion and medicine: the physician's perspective --<br/>12. The hospital chaplain between worlds |
| 650 ## - SUBJECT ADDED ENTRY--TOPICAL TERM | |
| Topical term or geographic name as entry element | MEDICINE AND CHRISTIANITY |
| General subdivision | ADDRESSES, ESSAYS, LECTURES |
| 650 ## - SUBJECT ADDED ENTRY--TOPICAL TERM | |
| Topical term or geographic name as entry element | PASTORAL MEDICINE |
| General subdivision | ADDRESSES, ESSAYS, LECTURES |
| 650 #4 - SUBJECT ADDED ENTRY--TOPICAL TERM | |
| Topical term or geographic name as entry element | MEDICAL ETHICS |
| General subdivision | ADDRESSES, ESSAYS, LECTURES |
| 942 ## - ADDED ENTRY ELEMENTS (KOHA) | |
| Koha item type | Circulation Books |
| Source of classification or shelving scheme | Dewey Decimal Classification |
| Withdrawn status | Lost status | Source of classification or shelving scheme | Damaged status | Use restrictions | Not for loan | Home library | Current library | Shelving location | Date acquired | Cost, normal purchase price | Total Checkouts | Full call number | Barcode | Date last seen | Price effective from | Koha item type |
|---|---|---|---|---|---|---|---|---|---|---|---|---|---|---|---|---|
| Dewey Decimal Classification | PBTS Library | PBTS Library | Circulation Section | 11/07/2005 | 16.95 | BT 732 H349 1982 | 21430 | 03/17/2026 | 04/02/2015 | Circulation Books |